Угадай русского писателя/поэта по картинке - Statistics

General Stats
  • This quiz has been taken 1 028 times
  • The average score is 16 of 30
Answer Stats
Picture Answer % Correct
Александр Пушкин
99%
Лев Толстой
98%
Николай Гоголь
98%
Михаил Лермонтов
94%
Сергей Есенин
94%
Антон Чехов
91%
Владимир Маяковский
88%
Фёдор Достоевский
87%
Александр Блок
71%
Иван Тургенев
69%
Анна Ахматова
69%
Максим Горький
67%
Александр Грибоедов
65%
Михаил Булгаков
62%
Иван Бунин
45%
Александр Солженицын
44%
Федор Тютчев
43%
Афанасий Фет
41%
Николай Некрасов
40%
Борис Пастернак
37%
Михаил Салтыков-Щедрин
33%
Михаил Шолохов
30%
Владимир Набоков
29%
Александр Островский
28%
Николай Гумилёв
28%
Александр Куприн
27%
Денис Фонвизин
22%
Иван Гончаров
21%
Николай Лесков
15%
Николай Чернышевский
12%
No matching quizzes found
Score Distribution
Percent of People with Each Score
Percentile by Number Answered
Your Score History
You have not taken this quiz